Statistics for Never-relegated Premier League teams.

Click here to take the quiz!

General Stats

  • This quiz has been taken 3,922 times
    (1,596 since last reset)
  • The average score is 7 of 8

Answer Stats

Club% Correct
Manchester United
99%
Arsenal
96%
Liverpool
96%
Chelsea
94%
Tottenham Hotspur
91%
Everton
88%
Brighton & Hove Albion
49%
Brentford
42%

Score Distribution

Percentile by Number Answered

Percent of People with Each Score

Your Score History

You have not taken this quiz since the last reset